| 000 | 00579cam a2200145 4500500 | ||
|---|---|---|---|
| 005 | 20260201151805.0 | ||
| 041 | _afre | ||
| 042 | _adc | ||
| 100 | 1 | 0 |
_aKaplanian, Patrick _eauthor |
| 245 | 0 | 0 | _aÉtudes rurales, juil.-déc. 1996, 143-144 : Dieux du sol en Asie, Textes réunis et présentés par Bernard Formoso, Paris, Éditions de l’EHESS, 176 p., ill. |
| 260 | _c2001. | ||
| 500 | _a17 | ||
| 786 | 0 | _nL'Homme | 158-159 | 2 | 2001-09-01 | p. 383zg-488zg | 0439-4216 | |
| 856 | 4 | 1 | _uhttps://shs.cairn.info/revue-l-homme-2001-2-page-383zg?lang=fr&redirect-ssocas=7080 |
| 999 |
_c1643075 _d1643075 |
||